Szczegóły MARC21

Globalization from below : the world's other economy /

003 -Nazwa inst., której nr kontr. jest w polu 001 [,]
    • @
    • Nazwa instytucji, której n kontrolny jest w polu 001
    • NUKAT
005 -DATA I CZAS OSTATNIEJ MODYFIKACJI [,]
    • @
    • pole kontrolne
    • 20241231110753.0
020 -Międzynarod. znormalizowany nr książki - ISBN [ , ]
    • a
    • Numer ISBN
    • 9780415535090 Find
    • q
    • Dopowiedzenie
    • pbk
020 -Międzynarod. znormalizowany nr książki - ISBN [ , ]
    • a
    • Numer ISBN
    • 9780415535083 Find
    • q
    • Dopowiedzenie
    • hbk
020 -Międzynarod. znormalizowany nr książki - ISBN [ , ]
    • a
    • Numer ISBN
    • 9780203106006 Find
    • q
    • Dopowiedzenie
    • ebk
040 -Instytucja sporządzająca opis [ , ]
    • a
    • Instytucja, która sporządziła opis (NP)
    • WA U/96BG
    • c
    • Instytucja, która sporządziła rekord (NP)
    • WA U/BG
    • d
    • Instytucja, która zmodyfikowała rekord (P)
    • WA U/BG
    • d
    • Instytucja, która zmodyfikowała rekord (P)
    • WA U/96hjcs
044 -Kraj miejsca wydania [ , ]
    • a
    • Kraj miejsca wydania
    • Wielka Brytania po 1988
    • a
    • Kraj miejsca wydania
    • Stany Zjednoczone po 1988
942 -Rodzaj dokumentu [ , ]
    • c
    • Rodzaj dokumentu
    • Książka
245 -Strefa tytułu i oznaczenia odpowiedzialności [0,0]
    • a
    • Tytuł
    • Globalization from below : Find
    • b
    • Ciąg dalszy tytułu (NP)
    • the world's other economy / Find
    • c
    • Pozostałe elementy strefy tytułu i oznaczenia odpowiedzialności (NP)
    • ed. by Gordon Mathews, Gustavo Lins Ribeiro and Carlos Alba Vega.
260 -Strefa adresu wydawniczego [ , ]
    • a
    • Miejsce wydania (P)
    • London ;
    • a
    • Miejsce wydania (P)
    • New York :
    • b
    • Nazwa wydawcy (P)
    • Routledge,
    • c
    • Data wydania (P)
    • 2012.
300 -Strefa opisu fizycznego [ , ]
    • a
    • Określenie formy książki i/lub objętość (NP)
    • X, 247 s. :
    • b
    • Oznaczenie ilustracji (NP)
    • il. ;
    • c
    • Format (NP)
    • 24 cm.
336 -Typ zawartości [ , ]
    • a
    • Termin opisujący typ zawartości
    • Tekst
    • b
    • Kod określający zawartość
    • txt
    • 2
    • Źródło (terminu i kodu)
    • rdacontent
337 -Typ mediów [ , ]
    • a
    • Tryb odtwarzania
    • Bez urządzenia pośredniczącego
    • b
    • Kod typu mediów
    • n
    • 2
    • Źródło (terminu i kodu)
    • rdamedia
338 -Typ/rodzaj nośnika [ , ]
    • a
    • Hasło opisujące typ nośnika
    • Wolumin
    • b
    • Kod typu nośnika
    • nc
    • 2
    • Źródło (terminu i kodu)
    • rdacarrier
504 -Uwaga dot. bibliogr. załącznikowej [ , ]
    • a
    • Uwaga dot. bibliografii załącznikowej
    • Bibliogr. przy rozdz. Indeks.
080 -Uniwersalna Klasyfikacja Dziesiętna [ , ]
    • 2
    • Identyfikator wydania tablic
    • UDC-P058
    • 9
    • UKD
    • 2181
    • a
    • Symbol klasyfikacji
    • 005.44
    • b
    • Dopowiedzenie
    • Zarządzanie. Globalizacja. Zarządzanie międzynarodowe.
    • 4
    • UKD2
    • 7644
    • x
    • Poddział wspólny
    • =111
    • c
    • Dopowiedzenie poddz. wspólnego
    • =Język angielski.
080 -Uniwersalna Klasyfikacja Dziesiętna [ , ]
    • 2
    • Identyfikator wydania tablic
    • UDC-P058
    • 9
    • UKD
    • 3101
    • a
    • Symbol klasyfikacji
    • 334.726
    • b
    • Dopowiedzenie
    • Przedsiębiorstwa międzynarodowe. Przedsiębiorstwo zagraniczne. Przedsiębiorstwo polonijne.
    • 4
    • UKD2
    • 7644
    • x
    • Poddział wspólny
    • =111
    • c
    • Dopowiedzenie poddz. wspólnego
    • =Język angielski.
080 -Uniwersalna Klasyfikacja Dziesiętna [ , ]
    • 2
    • Identyfikator wydania tablic
    • UDC-P058
    • 9
    • UKD
    • 3313
    • a
    • Symbol klasyfikacji
    • 339.5
    • b
    • Dopowiedzenie
    • Handel zagraniczny. Handel międzynarodowy. Polityka handlu zagranicznego. Cła.
    • 4
    • UKD2
    • 7644
    • x
    • Poddział wspólny
    • =111
    • c
    • Dopowiedzenie poddz. wspólnego
    • =Język angielski.
650 -Hasło przedmiotowe [ ,7]
    • a
    • Hasło przedmiotowe
    • Globalizacja
    • x
    • Określnik rzeczowy
    • aspekt społeczny
    • y
    • Określnik chronologiczny
    • 1990-.
    • 2
    • Źródło terminu
    • kaba
    • 9
    • KHW
    • 365239
650 -Hasło przedmiotowe [ ,7]
    • a
    • Hasło przedmiotowe
    • Ryzyko rynkowe
    • y
    • Określnik chronologiczny
    • 1990-.
    • 2
    • Źródło terminu
    • kaba
    • 9
    • KHW
    • 365511
650 -Hasło przedmiotowe [ ,7]
    • a
    • Hasło przedmiotowe
    • Gospodarka otwarta.
    • 2
    • Źródło terminu
    • kaba
    • 9
    • KHW
    • 163999
650 -Hasło przedmiotowe [ ,7]
    • a
    • Hasło przedmiotowe
    • Małe i średnie przedsiębiorstwa.
    • 2
    • Źródło terminu
    • kaba
    • 9
    • KHW
    • 118725
980 -Symbol UKD [ , ]
    • a
    • UKD
    • 005.44:334.726:339.5]=111
700 -Hasło dodatkowe - nazwa osobowa [1, ]
    • a
    • Nazwa osobowa (NP)
    • Mathews, Gordon Find
    • d
    • Daty biograficzne (NP)
    • (1955- ).
    • e
    • Określenie rodzaju współpracy
    • Red.
    • 9
    • KHW
    • 69872
700 -Hasło dodatkowe - nazwa osobowa [1, ]
    • a
    • Nazwa osobowa (NP)
    • Ribeiro, Gustavo Lins. Find
    • e
    • Określenie rodzaju współpracy
    • Red.
    • 9
    • KHW
    • 69873
700 -Hasło dodatkowe - nazwa osobowa [1, ]
    • a
    • Nazwa osobowa (NP)
    • Alba Vega, Carlos. Find
    • e
    • Określenie rodzaju współpracy
    • Red.
    • 9
    • KHW
    • 69874
920 -ISBN [ , ]
    • a
    • ISBN
    • 978-0-415-53509-0 Find
    • q
    • Dopowiedzenie
    • pbk
920 -ISBN [ , ]
    • a
    • ISBN
    • 978-0-415-53508-3 Find
    • q
    • Dopowiedzenie
    • hbk
920 -ISBN [ , ]
    • a
    • ISBN
    • 978-0-203-10600-6 Find
    • q
    • Dopowiedzenie
    • ebk
Status udost. Numer inwentarzowy Data inwentaryzacji Lokalizacja
-2T.153332014-03-11T